000 00970nam a2200241Ia 4500
003 Ost
005 20260507075415.0
008 260507s9999||||xx |||||||||||||| ||und||
020 _a9789957326937
040 _cfsecg
041 _aara
082 _a330
100 _aحسن، وسن عبد الرزاق
_eمؤلف
245 0 _aإضاءات في التنمية البشرية وقياس دليل الفقر الدولي :
_bمزيد بالأمثلة التطبيقية /
_c وسن عبد الرزاق حسن
260 _aعمان:
_bدار ومكتبة الحامد,
_c2013
300 _a173 صفحة؛
_bإيضاحات ؛
_c25 سم
504 _a مراجع ص.168
520 _aيضم تحديد المفاهيم ومؤشرات قياس التنمية البشرية ومؤشرات قياس الفقر البشري.
653 _aالتنمية الإقتصادية
653 _aالتنمية البشرية
653 _aالفقر
942 _cكتاب
999 _c44443
_d44443